000 00602nam a2200229Ia 4500
003 OSt
005 20220928123926.0
006 a|||||r|||| 00| 0
007 ta
008 220927b |||||||| |||| 00| 0 eng d
024 _a33756
037 _cAnnuals, Advances
040 _aSDCL
_cSDCL
_beng
041 _2eng
_aeng
082 _aD6,8(B), P8
100 _aPrabhu C S R
245 0 _aGrid and cluster computing
260 _aNew Delhi
_bPrentice-Hall
_c2008
300 _axv,240p.
_ccm.
942 _hD6,8(B), P8
_cREF
_2CC
999 _c775345
_d775345